01376cam a22003135a 4500999001700000001001000017003000900027005001700036008004100053020002500094040004100119082002000160100004200180245003600222264004100258300003200299336002600331337002800357338002700385490002000412500009800432520022100530650005500751650003500806653002300841655002400864942001200888952016200900 c21893d21865015947463EG-ScBUE20210116153910.0111004s2012 enk f 000 f eng d a9781444723502 (pbk.) aStDuBDSbengerdacStDuBDSdEG-ScBUE04a813.54bKIN2221 aKing, Stephen,d1947-eauthor.94018114aThe dark tower /cStephen King. 1aLondon :bHodder & Stoughton,c2012. axx, 686, 13 pages ;c20 cm. 2rdacontentatextbtxt 2rdamediaaunmediatedbn 2rdacarrieravolumebnc0 aDark tower ;v7 aOriginally published: Hampton Falls, N.H.: Donald M. Grant; London: Hodder & Stoughton, 2004. aWhile Jake, Father Callahan, and Oy struggle to free Susannah Dean, whose body is possessed by a demon-mother named Mia, Roland and Eddie find themselves swept by magic to East Stoneham, Maine, in the summer of 1977. 7aRoland (Fictitious character : King)2BUEsh940182 7aHeroesvFiction.2BUEsh940147 cJune2016bHHUUEENN vReading book934232 2ddccBB 00102ddc40708ILBaMAINbMAINc2NDd2016-06-14ePurchaseg62.00h8263l1m4o813.54 KINp000032667r2025-07-15 00:00:00s2022-07-26v77.00w2016-06-14yBB